| 000 | 00000nam##2200000za#4500 |
| 001 | 9.604524 |
| 003 | CaOODSP |
| 005 | 20210624211643 |
| 007 | cr ||||||||||| |
| 008 | 150406|2008||||xxc|||||o f|0| 0 fre|d |
| 040 | |aCaOODSP|bfre |
| 043 | |an-cn--- |
| 086 | 1 |aT41-1/59F-PDF |
| 110 | 1 |aCanada. |bTransports Canada. |
| 245 | 10|aFormation en cyclisme pour le milieu scolaire (FCMS) |h[ressource électronique] |
| 260 | |aOttawa - Ontario : |bTransports Canada |cAvril 2008. |
| 300 | |a7p.|bréférences |
| 490 | 1 |aÉtudes de cas sur les transports durables |vÉtude de cas nº 59 |
| 500 | |aEn tête du titre : Programme de démonstration en transport urbain. « Vancouver (C.-B.) ». |
| 590 | |a12-36-Supp|b2012-08-22 |
| 775 | 08|tCycling training for the school community |w(CaOODSP)9.574794 |
| 830 | #0|aÉtudes de cas sur les transports durables ;|vÉtude de cas nº 59|w(CaOODSP)9.503247 |
| 856 | 40|ahttp://publications.gc.ca|qPDF|s317 Ko|uhttps://publications.gc.ca/collections/collection_2012/tc/T41-1-59-fra.pdf|yÉtude de cas nº 59 |